00494nam a22001577a 4500008004100000020001800041020001500059050002400074100001700098245007000115260006600185300003300251500002000284650001500304700001700319161129b xxu||||| |||| 00| 0 eng d a9781269967563 a1269967568 aQD 33.2 b.R87 2015 aRusso, Steve aPreparatory chemistry :bchem 1301/cSteve Russo and Mike Silver. aNew Jersey (Upper Saddle River) :bPearson Education,cc2015. axvii, 447p. :bill. ;c28cm. aIncludes index. aChemistry. aSilver, Mike